Länder nach Bierverbrauch pro Kopf - Statistiken

Allgemein
  • Dieses Quiz wurde 322 mal gespielt
  • Das Durchschnittsergebnis liegt bei 16 aus 20
Antwortstatistiken
Hint Antwort % Korrekt
89 Liter Deutschland
100%
99 Liter Österreich
94%
128 Liter Tschechien
94%
87 Liter Polen
92%
73 Liter Vereinigtes Königreich:
87%
70 Liter Niederlande
86%
78 Liter Spanien
86%
76 Liter Belgien
84%
72 Liter Schweden
83%
71 Liter Dänemark
80%
79 Liter Irland
77%
74 Liter Ungarn
77%
77 Liter Finnland
73%
75 Liter Slowakei
73%
80 Liter Kroatien
70%
83 Liter Estland
67%
81 Liter Litauen
67%
85 Liter Rumänien
67%
69 Liter Bulgarien
64%
68 Liter Luxemburg
64%
Keine übereinstimmenden Quizze gefunden
Verteilung der Resultate
Anzahl Personen mit jedem Resultat
Perzentil nach korrekt beantworteten Fragen
Ihre Resultats-Entwicklung
Sie haben dieses Quiz noch nicht gespielt